NCAA D1 Teams: Starting with the Letters T thru Z Quiz Stats

 Plays Quiz not verified by Sporcle

Score 0/23 Timer 05:00
0 Plays Today
Letter Nick-Name/School(s) % Correct
TTigers: Auburn, Clemson, Memphis, Missouri, Pacific, Princeton, Towson, Grambling State, Jackson State, LSU, Savannah State, Tennessee State, Texas Southern
92%
WWildcats: Abilene Christian, Arizona, Bethune-Cookman, Davidson, Kansas State, Kentucky, New Hampshire, Northwestern, Villanova, Weber State
90.2%
ZZips: Akron
88%
UUtes: Utah
84%
VVandals: Idaho
82.2%
YYellow Jackets: Georgia Tech
78.2%
TTerrapins: Maryland
75.1%
WWolf Pack: Nevada - Reno
74.7%
WWolfpack: North Carolina State
74.7%
TTrojans: University of Arkansas at Little Rock, Troy, Southern California
73.8%
TTitans: Cal State Fullerton, Detroit Mercy
73.3%
VVolunteers: Tennessee
70.7%
Letter Nick-Name/School(s) % Correct
WWolverines: Michigan, Utah Valley
69.8%
VVikings: Cleveland State, Portland State
64%
TTar Heels: North Carolina
62.2%
TThundering Herd: Marshall
60.9%
VVaqueros: Texas-Rio Grande Valley
55.4%
TToreros: San Diego
54.2%
WWarhawks: Louisiana Monroe
54.2%
TTerriers: Boston University, Saint Francis, Wofford
52.4%
TThunderbirds: Southern Utah
45.3%
TTribe: William & Mary
45.3%
WWaves: Pepperdine
40.9%

You're not logged in!

Compare scores with friends on all Sporcle quizzes.
OR
Log In

Show Comments

Extras

Top Quizzes Today


Score Distribution

Your Account Isn't Verified!

In order to create a playlist on Sporcle, you need to verify the email address you used during registration. Go to your Sporcle Settings to finish the process.

Report this User

Report this user for behavior that violates our Community Guidelines.

Details: